00422nam a2200145Ia 4500003000900000005001700009008004100026040003300067041000800100080001200108100001700120245007600137260003400213300002900247LK-CoDNM20240816143606.0010623t1926 xxu||||| |||| 00| 1 eng d aLK-CoDNMdLK-CoDNMeLK-CoDNM aeng a9 bW12 aGoebel,K.Von aWilhelm Hofmeister : the work and life of a nineteenth Century Botanist bThe Ray SocietyaLondonc1926 bxi, 219p. : ill ; 22 cm